000 00333 a2200157 4500
001 152942
040 _cEscola São Tomás de Aquino
100 _aORTHOF, Sylvia
240 1 0 _aFaz de conto
_lpor
245 1 0 _aFaz de conto
300 _a63
362 0 _a2006
440 1 _aGlobal
697 _a*LITERATURA INFANTO
942 _cBK
999 _c152942
_d152942